Datum a čas kvízu
32
Celkem bodů
Celkový počet nahraných bodů na tomto kvízu bez doplňovacích otázek.
1.
Pořadí na kvízu
Konečné umístění týmu na tomto kvízu.
Zaznamenané odpovědi
| # | Otázka | Odpověď | Body | Výsledky |
|---|---|---|---|---|
| 1. | Který muž jako teprve druhý Če... | Jan Lipavský | 1 | |
| 2. | Ve které zemi minulý týden pro... | v Íránu | 1 | |
| 3. | Pátý ročník festivalu Serial K... | Brno | 1 | |
| 4. | V pondělí rozhodl soud, že jed... | Goodyear | 1 | |
| 5. | Generální manažer české hokejo... | Petr Nedvěd | 1 | |
| 6. | Vítězné téma facebookového hla... | C. Attlee, H. Truman, Stalin | 0 | |
| 7. | Vyberte název první umělé vesm... | C | 1 | |
| 8. | Kdo dne 5. ledna 1968 nahradil... | Alexandr Dubček | 0 | |
| 9. | V roce 1988 došlo nad skotským... | Muammar Kaddáfí | 1 | |
| 10. | Seřaďte níže vypsané události... | 1C 2B 3D 4A | 0 |